Solute movement in the soil - root system

Zapisane w:
Opis bibliograficzny
1. autor: Peter Hague Nye
Format: Książka
Język:Undetermined
Wydane: Oxford Blackwell Scientific Publicarions 1977
Hasła przedmiotowe:
Etykiety: Dodaj etykietę
Nie ma etykietki, Dołącz pierwszą etykiete!
Thư viện lưu trữ: Trung tâm Học liệu Trường Đại học Cần Thơ
LEADER 00568nam a2200181Ia 4500
001 CTU_30195
008 210402s9999 xx 000 0 und d
082 |a 631.41 
082 |b N994 
100 |a Peter Hague Nye 
245 0 |a Solute movement in the soil - root system 
245 0 |c Peter Hague Nye, Philip Bernard Tinker 
260 |a Oxford 
260 |b Blackwell Scientific Publicarions 
260 |c 1977 
650 |a plant-soil relationships,roots (botany),soil moisture 
904 |i Liên, 990322 
980 |a Trung tâm Học liệu Trường Đại học Cần Thơ